000 nam a22 7a 4500
999 _c9347
_d9347
008 180127b ||||| |||| 00| 0 eng d
100 _aKamal, Prakash
_95541
245 _aSocial Science -VII
260 _aNew Delhi